African American historical serials collection.

The African American Historical Serials Collection is an archive of periodicals that document the history of African American religious life and culture between 1829 and 1922. It includes newspapers and magazines, plus reports and annuals from African American religious organizations, including chur...

Full description

Bibliographic Details
Corporate Author: American Theological Library Association
Format: Database
Language:English
Published: [Ipswich, MA] : EBSCO Industries, [2012]
Subjects:
Online Access:Connect to the full text of this electronic resource

MARC

Tag First Indicator Second Indicator Subfields
LEADER 00000cai a2200000 i 4500
001 in00005677280
005 20260317170622.9
006 m o d
007 cr mn|||||||||
008 130513c20129999mau x o 0 2eng d
035 |a (OCoLC)842843862 
035 |a (OCoLC)ocn842843862 
040 |a ZCU  |b eng  |e rda  |e pn  |c ZCU  |d OCLCQ  |d OCLCF  |d OCLCO  |d NDD  |d DLC  |d OCLCO  |d OCLCL  |d OCLCQ  |d OCLCL  |d OCLCO 
043 |a n-us--- 
050 4 |a E185 
245 0 0 |a African American historical serials collection. 
264 1 |a [Ipswich, MA] :  |b EBSCO Industries,  |c [2012] 
300 |a 1 online resource 
336 |a text  |b txt  |2 rdacontent 
337 |a computer  |b c  |2 rdamedia 
338 |a online resource  |b cr  |2 rdacarrier 
500 |a Developed in collaboration with the American Theological Library Association. 
520 |a The African American Historical Serials Collection is an archive of periodicals that document the history of African American religious life and culture between 1829 and 1922. It includes newspapers and magazines, plus reports and annuals from African American religious organizations, including churches and social service agencies. 
588 |a Description based on contents viewed May 13, 2013; title from EBSCO host search screen. 
650 0 |a African Americans  |x History  |v Sources. 
650 0 |a African Americans  |v Periodicals  |v Databases. 
650 0 |a African Americans  |x Social conditions  |y To 1964  |v Periodicals  |v Databases. 
650 0 |a African Americans  |x Religion  |v Periodicals  |v Databases. 
651 0 |a United States  |x History  |y 19th century  |v Sources. 
651 0 |a United States  |x History  |y 20th century  |v Sources. 
650 6 |a Noirs américains  |x Histoire  |v Sources. 
650 6 |a Noirs américains  |v Périodiques  |v Bases de données. 
650 6 |a Noirs américains  |x Conditions sociales  |y Jusqu'à 1964  |v Périodiques  |v Bases de données. 
650 6 |a Noirs américains  |x Religion  |v Périodiques  |v Bases de données. 
651 6 |a États-Unis  |x Histoire  |y 19e siècle  |v Sources. 
651 6 |a États-Unis  |x Histoire  |y 20e siècle  |v Sources. 
650 7 |a African Americans  |2 fast 
650 7 |a African Americans  |x Religion  |2 fast 
650 7 |a African Americans  |x Social conditions  |2 fast 
651 7 |a United States  |2 fast  |1 https://id.oclc.org/worldcat/entity/E39PBJtxgQXMWqmjMjjwXRHgrq 
648 7 |a To 1999  |2 fast 
655 4 |a Electronic reference sources. 
655 7 |a Databases  |2 fast 
655 7 |a History  |2 fast 
655 7 |a Periodicals  |2 fast 
655 7 |a Sources  |2 fast 
710 2 |a American Theological Library Association.  |1 https://id.oclc.org/worldcat/entity/E39QH7JmqrhKwTTYgK9YQrHc7R 
856 4 0 |u http://proxy.library.tamu.edu/login?url=http://coral.library.tamu.edu/resourcelink.php?resource=15864  |y Connect to the full text of this electronic resource  |t 0 
948 |h HELD BY TXA - 23 OTHER HOLDINGS 
994 |a Z0  |b TXA 
999 f f |i cb753d99-29ea-4c27-9734-f3b441666ed5  |s 26cf96de-b796-4c51-89ef-99f84c41b005  |t 0 
952 f f |a Texas A&M University  |b College Station  |c Electronic Resources  |s www_evans  |d Available Online  |t 0  |e E185  |g Electronic  |h Library of Congress classification 
998 f f |a E185  |t 0  |l Available Online